000 00792nam a2200301Ia 4500
001 37464
003 IT-RoPAU
008 130308s9999 xx 000 0 und d
040 _aIT-RoPAU
040 _cIT-RoPAU
041 _aINGLESE
100 _aKeeble Richard
100 _gCodice Aut. SPICS: 17265
245 _aPortraying the Peace Movement
245 _bBending Reality-The State Of The Media
250 _a1a ed.
260 _aLONDON
260 _bPluto Press
260 _c1986 [1° Ed.:1986 - Ed.Ling.Originale:1986]
300 _a"11 p. (prefazione: no ; testo: 11 [pagine: 47-57])"
500 _aMovimento della Pace
650 _aTEORICHE DEI MASS MEDIA
650 _eCodice materia Spics: 6105
942 _cBK
957 _71
999 _c48383
_d48383
999 _bSI
999 _g1